De los contratos mercantiles nacionales e internacionales

Detalles Bibliográficos
Autor principal: Peą Nossa, Lisandro
Formato: eBook
Lenguaje:español
Publicado: Bogot:̀ ECOE, 2014
Materias:
Acceso en línea:Acceso restringido

MARC

LEADER 00000nam a22000007a 4500
005 20190904131930.0
007 cr|||| ||||
008 190904s2014 co |||||s|||| 00||0 spa d
020 |a 978-958-771-091-5 
035 |a 24771 
040 |a vLex 
090 |c 9385  |d 9385 
100 1 |a Peą Nossa, Lisandro 
245 1 5 |a De los contratos mercantiles nacionales e internacionales  |h [Recurso electrn̤ico] /  |c Lisandro Peą Nossa 
256 |a Servicio en ln̕ea 
260 |a Bogot:̀  |b ECOE,  |c 2014 
300 |a 1 recurso electrn̤ico 
506 1 |a Disponible solo en los productos indicados  |d vLex Global  |d vLex Global (Academic Edition, excluding Law Schools)  |d vLex Global (U.S. Academic Edition, Law Schools)  |d vLex Global (U.S. Academic Edition, excluding Law Schools)  |d vLex Global (Academic Edition, Law Schools) 
650 0 4 |a Contratos Mercantiles  |z Colombia 
740 0 |a vLex Libros (Servicio en ln̕ea) 
856 4 0 |u http://vlex.com/source/de-los-contratos-mercantiles-nacionales-e-internacionales-24771  |z Acceso restringido 
942 |c BOOK 
999 0 |a Commercial Contracts